|
|
|
|
| LEADER |
00903nam a2200241 a 4500 |
| 001 |
598750 |
| 008 |
091205s1992 nyua b 001 0 eng d |
| 010 |
|
|
|a 91029558
|
| 020 |
|
|
|a 0065002776
|
| 040 |
|
|
|a DLC
|c DLC
|d DLC
|
| 050 |
0 |
0 |
|a HG3881
|b .M443 1992
|
| 082 |
0 |
0 |
|a 332/.042
|2 20
|
| 100 |
1 |
|
|a Melvin, Michael,
|d 1948-
|
| 245 |
1 |
0 |
|a International money and finance /
|c Michael Melvin.
|
| 250 |
|
|
|a 3rd ed.
|
| 260 |
|
|
|a New York, NY :
|b HarperCollins,
|c c1992.
|
| 300 |
|
|
|a xiv, 242 p. :
|b ill. ;
|c 25 cm.
|
| 504 |
|
|
|a Includes bibliographical references and index.
|
| 541 |
1 |
|
|e 00012484
|
| 650 |
|
0 |
|a International finance.
|
| 852 |
4 |
|
|a Ayesha Abed Library
|j General Shelf.
|
| 999 |
|
|
|c 6030
|d 6030
|
| 952 |
|
|
|0 0
|1 0
|2 ddc
|4 0
|6 332_042000000000000_MEL
|7 0
|9 6016
|a BRACUL
|b BRACUL
|c GEN
|d 2009-12-07
|g 0.00
|l 1
|o 332.042 MEL
|p 3010012484
|r 2011-03-13
|s 2011-02-28
|t 1
|w 2009-12-07
|y BK
|x No price found in the accession register.
|